<?xml version="1.0" encoding="UTF-8"?>
<record
    xmlns:xsi="http://www.w3.org/2001/XMLSchema-instance"
    xsi:schemaLocation="http://www.loc.gov/MARC21/slim http://www.loc.gov/standards/marcxml/schema/MARC21slim.xsd"
    xmlns="http://www.loc.gov/MARC21/slim">

  <leader>00583nam a22001937a 4500</leader>
  <datafield tag="999" ind1=" " ind2=" ">
    <subfield code="c">170330</subfield>
    <subfield code="d">170330</subfield>
  </datafield>
  <controlfield tag="005">20191213120505.0</controlfield>
  <datafield tag="010" ind1=" " ind2=" ">
    <subfield code="a">194406</subfield>
  </datafield>
  <datafield tag="020" ind1=" " ind2=" ">
    <subfield code="c">4.50</subfield>
    <subfield code="a">-</subfield>
  </datafield>
  <datafield tag="035" ind1=" " ind2=" ">
    <subfield code="a">194406</subfield>
  </datafield>
  <datafield tag="037" ind1=" " ind2=" ">
    <subfield code="b">BPPD</subfield>
  </datafield>
  <datafield tag="082" ind1=" " ind2=" ">
    <subfield code="a">523</subfield>
  </datafield>
  <datafield tag="100" ind1=" " ind2=" ">
    <subfield code="a">&#x645;&#x627; &#x631; &#x679;&#x646; &#x688; &#x64A;&#x648; &#x688; &#x633;&#x646;</subfield>
  </datafield>
  <datafield tag="245" ind1=" " ind2=" ">
    <subfield code="a">  &#x645;&#x6C1;&#x6C1; &#x648; &#x627; &#x646;&#x62C;&#x645; </subfield>
    <subfield code="c">&#x645;&#x627; &#x631; &#x679;&#x646; &#x688; &#x64A;&#x648; &#x688; &#x633;&#x646;</subfield>
  </datafield>
  <datafield tag="246" ind1=" " ind2=" ">
    <subfield code="a">Meh-o-Anjum (Urdu)</subfield>
    <subfield code="b">by Marton Deod Son</subfield>
  </datafield>
  <datafield tag="260" ind1=" " ind2=" ">
    <subfield code="a">Pakistan </subfield>
    <subfield code="c">1961 &#x621; </subfield>
    <subfield code="b">Kal Pakistan AnjumanTaraquee Urdu</subfield>
  </datafield>
  <datafield tag="270" ind1=" " ind2=" ">
    <subfield code="a">Urdu Road,Kirachi</subfield>
    <subfield code="b">Pakistan</subfield>
    <subfield code="k">-</subfield>
    <subfield code="e">294</subfield>
  </datafield>
  <datafield tag="300" ind1=" " ind2=" ">
    <subfield code="a">304 &#x635;</subfield>
    <subfield code="c">22 cm(hb)</subfield>
  </datafield>
  <datafield tag="942" ind1=" " ind2=" ">
    <subfield code="2">ddc</subfield>
    <subfield code="c">UR</subfield>
    <subfield code="h">523</subfield>
    <subfield code="m">&#x688; &#x6D2; &#x62F;</subfield>
  </datafield>
  <datafield tag="952" ind1=" " ind2=" ">
    <subfield code="0">0</subfield>
    <subfield code="1">0</subfield>
    <subfield code="4">0</subfield>
    <subfield code="7">0</subfield>
    <subfield code="8">NFIC</subfield>
    <subfield code="a">L</subfield>
    <subfield code="b">L</subfield>
    <subfield code="d">2019-12-13</subfield>
    <subfield code="e">BPPD/Ven.</subfield>
    <subfield code="g">4.50</subfield>
    <subfield code="l">0</subfield>
    <subfield code="o">523 &#x688; &#x6D2; &#x62F;</subfield>
    <subfield code="p">194406</subfield>
    <subfield code="r">2019-12-13 00:00:00</subfield>
    <subfield code="t">1</subfield>
    <subfield code="v">4.50</subfield>
    <subfield code="w">2019-12-13</subfield>
    <subfield code="y">UR</subfield>
  </datafield>
</record>
